000
00323nam a22001337a 4500
008
171130b xxu||||| |||| 00| 0 eng d
020
_a
9789951560269
041
_a
alb
080
_a
574
100
_a
9
101
_a
MJE
245
_a
OPERACIONET KRYESORE NE TRAJTIMIN E UJERAVE TE PIJSHEM
_c
OSMANAJ, L
942
_2
udc
_c
BK
999
_c
38638
_d
38638